000 00679nam a2200217 u 4500
001 000164062
003 AM-YeHGA
005 20250617123321.0
008 950417s1987 ru a|||gr|||||||||0|rus|d
040 _aAM-YeHGA
041 0 _arus
100 1 _aТурманина, Валерия Ильинична
245 1 0 _aРастения рассказывают /
_cВ.И. Турманина.
260 _aМосква :
_bМысль,
_c1987.
300 _a156 с. :
_b[8] л. ил. ;
_c20 см.
504 _aБиблиогр.: с. 152-154
650 1 4 _aПалеоботаника
650 1 4 _aРастительные ресурсы
942 _2udc
_cBK
090 _c57062
999 _c56172
_d56172